00647nam a2200169 a 450000100100000000500170001000800410002702000150006804000250008310000360010824501080014426000420025230000210029470000390031595201060035499900170046000003796120201002031138.0130311s1989 mx 000 0 spa d a968664879x aDO-SdBNPbspacBNPHU1 aChamorro Cardenal, Jaime96437113aLa prensa la república de papel /cJaime Chamorro Cardenal ; traducción Elsa Ruth Martínez Conde. aMéxico :bEdiciones Gernika,c1989. a216 p. ;c22 cm.1 aMartínez Conde, Elsa Ruth953541 0010507-18MOaGRbGRcOId2013-03-11iLF1l0o p37961-10r2020-06-25w2020-06-25y1ZNo se presta c37451d37451